| 000 | 01322cam a22003495i 4500 | ||
|---|---|---|---|
| 001 | 18578171 | ||
| 003 | EG-ScBUE | ||
| 005 | 20230116132908.0 | ||
| 008 | 150416t2012 cauco f 001 0 eng d | ||
| 020 | _a9781600582677 (pbk.) | ||
| 020 | _a050283006169 | ||
| 040 |
_aUKMGB _beng _erda _cUKMGB _dQBX _dOCLCO _dPLF _dOCLCO _dBTCTA _dBDX _dOCLCQ _dBKX _dORX _dOCLCF _dAU@ _dOCLCO _dDLC _dEG-ScBUE |
||
| 082 | 0 | 4 |
_a751.4542 _bART _222 |
| 245 | 0 | 4 |
_aThe art of drawing & painting portraits / _cTimothy Chambers [and three others] |
| 246 | 3 | _aArt of drawing and painting portraits | |
| 264 | 1 |
_aIrvine : _bQuatro Publishing Group / Walter Foster Publishing, _c[2012] |
|
| 264 | 4 | _cc2012 | |
| 300 |
_a144 pages : _bportraits, photographs ; _c31 cm. |
||
| 336 |
_2rdacontent _atext _btxt |
||
| 337 |
_2rdamedia _aunmediated _bn |
||
| 338 |
_2rdacarrier _avolume _bnc |
||
| 490 | 0 |
_aCollector's series ; _vCS15 |
|
| 500 | _aIncludes index. | ||
| 500 | _a"Create realistic heads, faces & features in pencil, pastel, watercolor, oil & acrylic"--Cover. | ||
| 650 | 7 |
_aPortrait painting _xTechnique. _2BUEsh _937958 |
|
| 650 | 7 |
_aPortrait drawing _xTechnique. _2BUEsh |
|
| 651 | _2BUEsh | ||
| 653 |
_bCOMAME _cJune2015 _cAugust2015 |
||
| 655 | _vReading book | ||
| 700 | 1 |
_aChambers, Timothy, _eauthor. |
|
| 942 |
_2ddc _k751.4542 ART _cBB |
||
| 999 |
_c19624 _d19596 |
||